Normal view
MARC view
Entry Corporate Name
001 - CONTROL NUMBER
- control field: 14442
003 - CONTROL NUMBER IDENTIFIER
- control field: OSt
005 - DATE AND TIME OF LATEST TRANSACTION
- control field: 20211105133812.0
008 - FIXED-LENGTH DATA ELEMENTS
- fixed length control field: 211105|| aca||aabn | a|a d
040 ## - CATALOGING SOURCE
- Original cataloging agency: OSt
- Transcribing agency: OSt
110 ## - HEADING--CORPORATE NAME
- Corporate name or jurisdiction name as entry element: Tata Institute of Fundamental Research , Bangalore
670 ## - SOURCE DATA FOUND
- Source citation: Work cat.: (OSt): Winter School on Extragalactic Energetic Sources india 1983 Jan. 10-21 14440, Extragalactic energetic sources, 1985